1909 1966 1280 1799 1237 1530 1256 1465 1327 1569 1016 1434 1747 1305 1095 1210 1757 1172 1456 1305 1928 1752 1677 1139 1538 1538 1663 1246 1386 1034 1209 1485 1421 1003 1629 1571 1144 1741 1539 1826 1588 1632 1335 1660 1428 1203 1941 1604 1345 1238 1917 1531 1131 1882 1150 1747 1071 1989 1256 1128 1344 1322 1019 1645 1534 1339 1692 1510 1140 1493 1099 1029 1619 1578 1667 1559 1037 1294 1808 1421 1822 1791 1629 1336 1694 1060 1069 1965 1107 1564 1248 1784 1003 1342 1017 1152 1522 1354 1244 BCNSPRNW ULIB Ver.6.0+V

เปลี่ยนเป็นภาษาไทย

Change to English
 แสดงรายละเอียดบรรณานุกรม
  กลับหน้าหลัก

Brief Record : Get Marc (ISO 2709) : E-mail record : QR code < ปิดหน้าต่าง
LEADER : 00000nam 2200000uu 4500
001    13399114759
003     ULIB
008    120514s2554||||th 000 0 tha d
020    ^a9786167283203
060 04 ^aWD300^bป615ห
100 0  ^aปิติกานต์ บูรณาภาพ
245 00 ^aหอบ หืด ภูมิแพ้ ดูแลเป็น ใช้ชีวิตอย่าง...มีสุข เสมือนคน...ไม่มีโรค=^bLiving Well with Asthma & Allergies /^cปิติกานต์ บูรณาภาพ
246 31 ^aLiving Well with Asthma & Allergies
260    ^aกรุงเทพฯ :^bวิทยสถาน,^c2554
300    ^a240 หน้า :^bภาพประกอบ
650  7 ^aหอบ^xการรักษา
650  7 ^aภูมิแพ้^xการรักษา
650  7 ^aหืด^xการรักษา
945    ^p180^l0^i19037
945    ^p180^l0^i19038
995    ^aกัณชพร
999    ^aใช้งานได้ทุกระบบ
รายการนี้ยังไม่มีแท็ก
คุณยังไม่ได้ล็อกอิน คุณสามารถมีกิจกรรมร่วมกับเว็บไซต์ได้ แต่ต้องล็อกอินก่อน ::
  ล็อกอิน

รายการสื่อสารสนเทศ

ลำดับที่ ประเภท เลขเรียก/บาร์โค้ด สถานที่ สถานะ
1. วิทยาศาสตร์การแพทย์ และสุขภาพ
วิทยาศาสตร์การแพทย์ และสุขภาพ
สถานะ=หนังสือเก่า
WD300 ป615ห  
  Barcode: 19037
ห้องสมุดวิทยาเขตนครสวรรค์
►ส่วนจัดเก็บหนังสือเก่า นว.
บนชั้น
  ขอยืม
2. วิทยาศาสตร์การแพทย์ และสุขภาพ
วิทยาศาสตร์การแพทย์ และสุขภาพ
สถานะ=หนังสือเก่า
WD300 ป615ห ฉ.2 
  Barcode: 19038
ห้องสมุดวิทยาเขตนครสวรรค์
►ส่วนจัดเก็บหนังสือเก่า นว.
บนชั้น
  ขอยืม

รายการใกล้เคียง
    ผู้แต่ง [ปิติกานต์ บูรณาภาพ]

BibComment


ยังไม่เคยถูกคอมเมนท์

คอมเมนท์ทรัพยากรรายการนี้
  คอมเมนท์: หอบ หืด ภูมิแพ้ ..


 Copyright 2026. Bcnsprnw @Library